Statistics for NBA 2k21 all-time Los Angeles Lakers

Click here to take the quiz!

General Stats

  • This quiz has been taken 1,038 times
  • The average score is 10 of 15

Answer Stats

OverallPlayer% Correct
98Kobe Bryant
98%
99Magic Johnson
98%
98Shaquille O'Neal
95%
96Kareem Abdul-Jabbar
94%
96LeBron James
94%
97Jerry West
90%
91Wilt Chamberlain
74%
96Elgin Baylor
72%
95James Worthy
72%
90Pau Gasol
61%
94George Mikan
53%
90Gail Goodrich
40%
87Byron Scott
26%
86Michael Cooper
26%
87Jamaal Wilkes
19%

Score Distribution

Percentile by Number Answered

Percent of People with Each Score

Your Score History

You have not taken this quiz